Grands Événements Historiques. Niveau: IMPOSSIBLE - Statistiques

Statistiques générales
  • Ce quiz a été pris 85 fois
  • Le résultat moyen est 2 sur 10
Statistiques - réponses
Question Réponse % Correct
Quel événement historique a été le déclencheur de la Première Guerre mondiale en 1914 ? L'assassinat de l'Archiduc François-Ferdinand
85%
En quelle année a eu lieu la chute du régime apartheid en Afrique du Sud ? 1994
38%
Quelle conférence en 1815 a redessiné la carte de l'Europe après les guerres napoléoniennes ? Le congrès de Vienne
31%
Qui a dirigé le mouvement des droits civiques aux États-Unis, inspiré par Gandhi ? Martin Luther King Jr.
28%
Quelle déclaration a été signée en 1948, affirmant les droits de l’homme ? La Déclaration des Droits de l'Homme et du Citoyen (DDHC)
20%
Quelle conférence internationale, tenue en 1945, a posé les bases de l'Organisation des Nations Unies ? La Conférence de San Francisco
19%
Quelle bataille décisive de la guerre de Sécession a eu lieu en 1863, marquant un tournant en faveur de l'Union ? La bataille de Gettysburg
11%
Quelle résolution a été adoptée par les États-Unis en 1964 pour intensifier leur engagement militaire au Vietnam ? La résolution de Golfe de Tonkin
0%
Quel revirement historique a été révélé par le rapport Turner, qui a été rendu public en 1893 ? La thèse sur la "Frontière" et son impact sur le développement américain
0%
Quel événement a été marqué par les travaux de Nuremberg entre 1945 et 1946 ? Les procès pour crimes de Guerre
0%
Aucun quiz correspondant
Distribution des résultats
% des personnes avec chaque résultat
Percentile par nombre de réponses
Votre historique - résultats
Vous n’avez pas pris ce quiz